Информатика 1.2 (СО): электронный курс
| Hlavní autor: | |
|---|---|
| Korporativní autor: | |
| Shrnutí: | Заглавие с экрана В курсе Информатика 1.2 рассмотрены основные вопросы Информатики: что такое информация, как она хранится в компьютере, архитектура современных-аппаратно-программных средств, особенности работы в современных операционных системах Изучаются основы программирования на современном языке языке С# в Visual Studio для платформы .Net . Основные приемы и методы программирования рассмотрены на различных задачах. Приведены типовые алгоритмы для решения задач различных классов. Курс поделен на 4 модуля. В модуле 1 «Основные понятия информатики и информации» раскрывается предмет и задачи курса, его связь с другими дисциплинами; роль информатики в жизни общества. Рассматривается проблема информатизации общества, источники и характеристики информации, информационные технологии. Рассмотрены вопросы кодирования информации. В модуле 2 «Алгоритмы и основы программирования» рассматриваются современные концепции и технологии проектирования информационных систем. Большее внимание уделено вычислительной сложности алгоритмов. В модуле 3 «Архитектура современных аппаратно-программных средств» изучаются новейшие аппаратные компоненты вычислительных систем, современное системное и прикладное программное обеспечение. В модуле 4 «Телекоммуникации» рассматривается концепция компьютерных сетей как самого основного элемента телекоммуникаций. Доступ по логину и паролю |
| Jazyk: | ruština |
| Vydáno: |
Томск, TPU Moodle, 2015
|
| Témata: | |
| On-line přístup: | https://design.lms.tpu.ru/course/view.php?id=1163 |
| Médium: | Elektronický zdroj Kniha |
| KOHA link: | https://koha.lib.tpu.ru/cgi-bin/koha/opac-detail.pl?biblionumber=665520 |
MARC
| LEADER | 00000nlm0a2200000 4500 | ||
|---|---|---|---|
| 001 | 665520 | ||
| 005 | 20231221102959.0 | ||
| 035 | |a (RuTPU)RU\TPU\network\36719 | ||
| 035 | |a RU\TPU\network\17612 | ||
| 090 | |a 665520 | ||
| 100 | |a 20211013d2015 m y0rusy50 ca | ||
| 101 | 0 | |a rus | |
| 102 | |a RU | ||
| 105 | |a a j 000zy | ||
| 135 | |a jrcn ---uucaa | ||
| 181 | 0 | |a i | |
| 182 | 0 | |a b | |
| 200 | 1 | |a Информатика 1.2 (СО) |e электронный курс |f А. Ю. Дёмин |g Национальный исследовательский Томский политехнический университет. Институт кибернетики. Кафедра информатики и проектирования систем | |
| 203 | |a Текст |c электронный | ||
| 210 | |a Томск |c TPU Moodle |d 2015 | ||
| 300 | |a Заглавие с экрана | ||
| 330 | |a В курсе Информатика 1.2 рассмотрены основные вопросы Информатики: что такое информация, как она хранится в компьютере, архитектура современных-аппаратно-программных средств, особенности работы в современных операционных системах Изучаются основы программирования на современном языке языке С# в Visual Studio для платформы .Net . Основные приемы и методы программирования рассмотрены на различных задачах. Приведены типовые алгоритмы для решения задач различных классов. Курс поделен на 4 модуля. В модуле 1 «Основные понятия информатики и информации» раскрывается предмет и задачи курса, его связь с другими дисциплинами; роль информатики в жизни общества. Рассматривается проблема информатизации общества, источники и характеристики информации, информационные технологии. Рассмотрены вопросы кодирования информации. В модуле 2 «Алгоритмы и основы программирования» рассматриваются современные концепции и технологии проектирования информационных систем. Большее внимание уделено вычислительной сложности алгоритмов. В модуле 3 «Архитектура современных аппаратно-программных средств» изучаются новейшие аппаратные компоненты вычислительных систем, современное системное и прикладное программное обеспечение. В модуле 4 «Телекоммуникации» рассматривается концепция компьютерных сетей как самого основного элемента телекоммуникаций. | ||
| 333 | |a Доступ по логину и паролю | ||
| 606 | 1 | |a Информатика |2 stltpush |3 (RuTPU)RU\TPU\subj\36202 | |
| 610 | 1 | |a электронный ресурс | |
| 610 | 1 | |a труды учёных ТПУ | |
| 610 | 1 | |a электронные учебные пособия | |
| 610 | 1 | |a дистанционное обучение | |
| 610 | 1 | |a дистанционное образование | |
| 610 | 1 | |a информация | |
| 610 | 1 | |a кодирование | |
| 610 | 1 | |a декодирование | |
| 610 | 1 | |a компьютеры | |
| 610 | 1 | |a ЭВМ | |
| 610 | 1 | |a программное обеспечение | |
| 610 | 1 | |a алгоритмы | |
| 610 | 1 | |a вычислительная сложность | |
| 610 | 1 | |a программирование | |
| 610 | 1 | |a объектно-ориентированное программирование | |
| 610 | 1 | |a базы данных | |
| 610 | 1 | |a компьютерные сети | |
| 675 | |a 004(075.8) |v 4 | ||
| 700 | 1 | |a Дёмин |b А. Ю. |c специалист в области информатики и вычислительной техники |c доцент Томского политехнического университета, кандидат технических наук |f 1973- |g Антон Юрьевич |3 (RuTPU)RU\TPU\pers\25389 |9 11332 | |
| 712 | 0 | 2 | |a Национальный исследовательский Томский политехнический университет |b Институт кибернетики |b Кафедра информатики и проектирования систем |3 (RuTPU)RU\TPU\col\18697 |
| 801 | 2 | |a RU |b 63413507 |c 20220414 |g RCR | |
| 856 | 4 | |u https://design.lms.tpu.ru/course/view.php?id=1163 | |
| 942 | |c CF | ||